| 000 | 00555nam a2200205 i 4500 | ||
|---|---|---|---|
| 001 | bg | ||
| 100 | 1 | _aRADAJEWSKA, Bożena | |
| 245 | 1 | 0 |
_aBrzoskwinia, morela i nektaryna / _cBożena Radajewska. |
| 260 |
_aPoznań : _bPańst. Wydaw. Rolnicze i Leśne, _c1998. |
||
| 300 |
_a115 s., [6] k.tabl. kolor. : _brys. ; _c20 cm. |
||
| 650 | 9 | _aBrzoskwinia | |
| 650 | 9 | _aMorela | |
| 020 | _a8309016956 | ||
| 040 | _cBPK | ||
| 041 | 0 | _apl | |
| 080 | _a634.25+634.21 | ||
| 920 | _a83-09-01695-6 | ||
| 942 | _cKS | ||
| 008 | s pl f |000 0 pol | ||
| 999 |
_c36351 _d36351 |
||
| 856 |
_uhttp://koha.tu.koszalin.pl/cgi-bin/koha/opac-detail.pl?biblionumber=36351 _yKatalog online BPK |
||